All Country Flags Including Red - Statistics

General Stats
  • This quiz has been taken 19 times
    12 since last reset
  • The average score is 145 of 154
Answer Stats
Picture Answer % Correct
Albania
100%
Algeria
100%
Andorra
100%
Angola
100%
Armenia
100%
Australia
100%
Austria
100%
Azerbaijan
100%
Bahrain
100%
Bangladesh
100%
Belarus
100%
Belgium
100%
Bulgaria
100%
Cambodia
100%
Canada
100%
Chad
100%
Chile
100%
Colombia
100%
Croatia
100%
Cuba
100%
Czech Republic
100%
Denmark
100%
Dominica
100%
Ecuador
100%
Egypt
100%
El Salvador
100%
Eswatini
100%
Fiji
100%
France
100%
Georgia
100%
Germany
100%
Haiti
100%
Hungary
100%
Iceland
100%
Indonesia
100%
Iran
100%
Italy
100%
Japan
100%
Jordan
100%
Kenya
100%
Kuwait
100%
Kyrgyzstan
100%
Laos
100%
Latvia
100%
Lebanon
100%
Liberia
100%
Liechtenstein
100%
Lithuania
100%
Luxembourg
100%
Madagascar
100%
Malawi
100%
Malaysia
100%
Malta
100%
Mexico
100%
Moldova
100%
Monaco
100%
Mongolia
100%
Montenegro
100%
Morocco
100%
Nepal
100%
Netherlands
100%
New Zealand
100%
North Korea
100%
North Macedonia
100%
Norway
100%
Oman
100%
Panama
100%
Papua New Guinea
100%
Peru
100%
Philippines
100%
Poland
100%
Portugal
100%
Qatar
100%
Romania
100%
Russia
100%
Senegal
100%
Serbia
100%
Seychelles
100%
Slovakia
100%
Slovenia
100%
South Africa
100%
South Korea
100%
Spain
100%
Sri Lanka
100%
Switzerland
100%
Taiwan
100%
Tajikistan
100%
Thailand
100%
Tonga
100%
Trinidad and Tobago
100%
Turkey
100%
Turkmenistan
100%
Uganda
100%
United Arab Emirates
100%
United Kingdom
100%
United States
100%
Uzbekistan
100%
Vatican City
100%
Venezuela
100%
Vietnam
100%
Yemen
100%
Zimbabwe
100%
Antigua and Barbuda
88%
Belize
88%
Benin
88%
Brunei
88%
Burkina Faso
88%
Burundi
88%
Cameroon
88%
Central African Republic
88%
China
88%
Comoros
88%
Costa Rica
88%
Djibouti
88%
Dominican Republic
88%
Eritrea
88%
Ethiopia
88%
Ghana
88%
Guatemala
88%
Iraq
88%
Kiribati
88%
Libya
88%
Mali
88%
Mozambique
88%
Myanmar
88%
NIcaragua
88%
Paraguay
88%
Sao Tome and Principe
88%
Singapore
88%
South Sudan
88%
Sudan
88%
Suriname
88%
Syria
88%
Togo
88%
Tunisia
88%
Tuvalu
88%
Zambia
88%
Bolivia
75%
Cape Verde
75%
Democratic Republic of the Congo
75%
East Timor
75%
Equatorial Guinea
75%
Gambia
75%
Grenada
75%
Guinea
75%
Guinea Bissau
75%
Guyana
75%
Maldives
75%
Mauritania
75%
Mauritius
75%
Namibia
75%
Republic of the Congo
75%
Saint Kitts and Nevis
75%
Vanuatu
75%
No matching quizzes found
Score Distribution
Percent of People with Each Score
Percentile by Number Answered
Your Score History
You have not taken this quiz since the last reset